| 000 | 00535nam a2200229Ia 4500 | ||
|---|---|---|---|
| 003 | IT-RoPAU | ||
| 008 | 120407s9999 xx 000 0 und d | ||
| 040 | _aIT-RoPAU | ||
| 040 | _cIT-RoPAU | ||
| 041 | _aita | ||
| 100 | _aOuida (Marie Louse de la Ramèe) | ||
| 245 | _aIl cane delle Fiandre. Una storia di Natale. Vers. di Giuseppe Rigotti. | ||
| 250 | _aRoma | ||
| 260 | _aEdizioni Paoline | ||
| 260 | _c1969 | ||
| 300 | _a82 p. | ||
| 300 | _c24 cm | ||
| 490 | _aLa 500 | ||
| 490 | _v84 | ||
| 942 | _cBK | ||
| 999 |
_c36889 _d36889 |
||